000 00615nam a2200181 4500
008 240701b |||||||| |||| 00| 0 eng d
020 _a9558708313
082 _a363.34
_bSTE
100 _aSteele, Paul
245 _aPhoenix from the ashes?:
_beconomic policy challenges and opportunities for Post-Tsunami Sri Lanka
260 _aColombo:
_bInstitute of Policy Studies,
_c2005
300 _a36p.;30 cm
_bBibliography included
440 _aResearch studies:
_vworking paper no.7
650 _aNATURAL DISASTERS-Sri Lanka
650 _aPublic safety-Disasters-Sri Lanka
650 _aTsunami disaster
942 _cRP
999 _c4950
_d4950